Semirings : algebraic theory and applications in computer science
Saved in:
| Main Author: | |
|---|---|
| Other Authors: | |
| Format: | Book |
| Language: | English German |
| Published: |
Singapore ; River Edge, N.J. :
World Scientific,
c1993.
|
| Series: | Series in algebra ;
5 |
| Subjects: | |
| Tags: |
Add Tag
No Tags, Be the first to tag this record!
|
MARC
| LEADER | 00000cam a2200000 i 4500 | ||
|---|---|---|---|
| 001 | 1/76947 | ||
| 008 | 080307s1993 si | ||| |||| ||eng|| | ||
| 020 | |a 9810236018 | ||
| 035 | |l 10095304 | ||
| 040 | |a GR-MyUA |b gre |e AACR2 | ||
| 041 | 0 | |a eng |h ger | |
| 082 | 0 | |a 512.00285 |2 (22) | |
| 100 | 1 | |a Hebisch, U. |q (Udo) | |
| 245 | 1 | 0 | |a Semirings : |b algebraic theory and applications in computer science / |c U. Hebisch, H.J. Weinert. |
| 260 | |a Singapore ; River Edge, N.J. : |b World Scientific, |c c1993. | ||
| 300 | |a vi, 361 σ. ; |c 26 εκ. | ||
| 490 | 1 | |a (Series in algebra |v ; 5) | |
| 500 | |a Τίτλος πρωτοτύπου: Halbringe. | ||
| 504 | |a Περιέχει βιβλιογραφικές παραπομπές (σ. [336]-351) και ευρετήριο. | ||
| 650 | 0 | 0 | |a Semirings (Mathematics) |
| 700 | 1 | |a Weinert, Hanns Joachim. | |
| 830 | 0 | |a Series in algebra ; |v 5 | |
| 852 | |a INST |b SAMOS |e 20080307 |h 512.00285 HEB |p 005300026717 |q 005300026717 |t BK |y 0 | ||
| 901 | |a BIBL3-2008-1 | ||
| 909 | |a Σ |b 143839 | ||
| 922 | |a 3ΕΛΗ |b 200801 |c ΕΠΕΑΕΚ2/ΤΜΠΕΣ |d ΠΑΠΑΣΩΤΗΡΙΟΥ | ||
| 970 | |a ΡΟΥΣΣΟΥ |b ΚΩΝΣΤΑΝΤΙΝΑ |z 2008/03/07 | ||